[Event "Frederikssund Weekend G2 2nd"]
[Site "Frederikssund"]
[Date "2004.09.25"]
[Round "2"]
[White "Karlsen, Soren"]
[Black "Draeger, Mikael"]
[Result "0-1"]
[WhiteElo "1524"]
[BlackElo "1642"]
[PlyCount "68"]
[EventDate "2004.09.24"]
[EventType "tourn"]
[EventRounds "5"]
[EventCountry "DEN"]
[SourceTitle "EXT 2023"]
[Source "ChessBase"]
[SourceDate "2022.10.05"]
[SourceVersion "1"]
[SourceVersionDate "2022.10.05"]
[SourceQuality "1"]

1. c4 Nf6 2. Nc3 g6 3. g3 Bg7 4. Bg2 c5 5. d3 0-0 6. Rb1 Nc6 7. Bg5 d6 8. Nf3 Bd7 9. a3 Ng4 10. 0-0 Rb8 11. Nd5 f6 12. Bd2 e6 13. Nc3 a6 14. b4 Qc7 15. bxc5 dxc5 16. Bf4 Nge5 17. Nxe5 Nxe5 18. Ne4 b6 19. Qc2 f5 20. Ng5 h6 21. Nh3 g5 22. Bd2 Bc6 23. Bxc6 Nxc6 24. f4 g4 25. Nf2 Nd4 26. Qd1 e5 27. fxe5 Bxe5 28. Kg2 Qc6+ 29. e4 Nf3 30. Bxh6 Qxh6 31. Rh1 Bd4 32. exf5 Bxf2 33. Kxf2 Rxf5 34. Qe2 Nd4+ 0-1

[Event "Frederikssund Weekend G2 2nd"]
[Site "Frederikssund"]
[Date "2004.09.24"]
[Round "1"]
[White "Karlsen, Soren"]
[Black "Nielsen, Kai Gylling"]
[Result "0-1"]
[WhiteElo "1524"]
[BlackElo "1623"]
[PlyCount "64"]
[EventDate "2004.09.24"]
[EventType "tourn"]
[EventRounds "5"]
[EventCountry "DEN"]
[SourceTitle "EXT 2023"]
[Source "ChessBase"]
[SourceDate "2022.10.05"]
[SourceVersion "1"]
[SourceVersionDate "2022.10.05"]
[SourceQuality "1"]

1. e4 e5 2. f4 exf4 3. Nf3 Be7 4. Bc4 Nc6 5. d3 g5 6. h3 d6 7. Nc3 Be6 8. Bb5 a6 9. Ba4 b5 10. Bb3 h6 11. Bd5 Bxd5 12. exd5 Ne5 13. Nd4 Nf6 14. Nf5 b4 15. Ne4 Nxd5 16. d4 Ng6 17. Ng7+ Kf8 18. Nh5 Qd7 19. c4 bxc3 20. 0-0 cxb2 21. Bxb2 f5 22. Nc5 dxc5 23. dxc5 Bxc5+ 24. Kh1 Rh7 25. Qb3 Qf7 26. Rac1 Bd6 27. Qb7 Re8 28. Rfd1 Nge7 29. Rxc7 Qxh5 30. Rxd5 Nxd5 31. Rxh7 Qd1+ 32. Kh2 f3+ 0-1